| 000 | 01445nam a2200349Ia 4500 | ||
|---|---|---|---|
| 001 | ebr10159670 | ||
| 003 | CaPaEBR | ||
| 006 | m u | ||
| 007 | cr cn||||||||| | ||
| 008 | 020715r20011928mnuabc s 000 0 eng d | ||
| 015 | _aGBA2-45589 | ||
| 020 | _z0816639426(pbk.) : | ||
| 040 |
_aCaPaEBR _cCaPaEBR |
||
| 035 | _a(OCoLC)608580485 | ||
| 050 | 1 | 4 |
_aSD540 _b.R8 2001eb |
| 082 | 0 | 4 |
_a634.98097709034 _221 |
| 100 | 1 |
_aRussell, Charles Edward, _d1860-1941. |
|
| 245 | 1 | 0 |
_aA-rafting on the Mississip' _h[electronic resource] / _cCharles Edward Russell. |
| 260 |
_aMinneapolis ; _aLondon : _bUniversity of Minnesota Press, _c2001. |
||
| 300 |
_axii, 357 p. : _bill., maps, ports. |
||
| 490 | 1 | _aThe Fesler-Lampert Minnesota heritage book series | |
| 500 | _aOriginally published: New York : Century Co., c1928. | ||
| 533 |
_aElectronic reproduction. _bPalo Alto, Calif. : _cebrary, _d2009. _nAvailable via World Wide Web. _nAccess may be limited to ebrary affiliated libraries. |
||
| 650 | 0 |
_aLumbering _zMississippi River Valley. |
|
| 650 | 0 |
_aLog driving _zMississippi River. |
|
| 650 | 0 |
_aSteam-navigation _zMississippi River. |
|
| 651 | 0 | _aMississippi River. | |
| 655 | 7 |
_aElectronic books. _2local |
|
| 710 | 2 | _aebrary, Inc. | |
| 830 | 0 | _aFesler-Lampert Minnesota heritage book series. | |
| 856 | 4 | 0 |
_uhttp://site.ebrary.com/lib/rucke/Doc?id=10159670 _zAn electronic book accessible through the World Wide Web; click to view |
| 999 |
_c133529 _d133529 |
||